000
00276nam a22001097a 4500
082
_a
100/CAR
100
_a
Dale,Carnegie
_9
82849
245
_a
THE Quick and Easy Way to EFFECTIVE Speaking
260
_a
Mumbai
_J
Jaico Publishing House
_c
2024
650
_a
Philosophy
942
_c
BK
999
_c
67574
_d
67574